000 00792nam a22002537a 4500
005 20170123162314.0
010 _a153658
020 _c50.00
035 _a153658
037 _bCen Lib/Ret
040 _aDPL
_bUR
082 _a841
_bح ا م
100 _aحامد حسن قادری
_9421
245 _aانتخاب دیوانے مومن /
_cحامد حسن قادری
246 _aIntakhab deewan-e-momin /
_bby Hamid Hasan Qadri
260 _aالی گڑھ
_bانجمن تراققی اردو
_c1959
270 _bالی گڑھ
300 _a208p.
_c18cm(Hb)
650 _aاردو ادب
_9113503
650 _aاردو نظم
_9113504
650 _aUrdu literature
_9113505
650 _aUrdu poetry
_9113506
942 _2ddc
_cUR
_h841
_mح ا م
999 _c106581
_d106581